Komunikácia v diplomatickej praxi

Aspekty komunikácie v diplomatických postupoch, moderné trendy v tejto oblasti. Výber nemeckých frazeologizmov z diplomatických textov. Frazeologizmy, translatológia, jazyk.

Saved in:
Bibliographic Details
Main Author: Adamcová, Silvia, 1984-
Format: Book Chapter
Language:Slovak
Subjects:
Tags: Add Tag
No Tags, Be the first to tag this record!

MARC

LEADER 00000naa$a2200000$$$4500
001 0248312
005 20240502073955.2
041 0 |a slo 
044 |a SK 
245 1 0 |a Komunikácia v diplomatickej praxi  |c Silvia Adamcová 
520 |a Aspekty komunikácie v diplomatických postupoch, moderné trendy v tejto oblasti. Výber nemeckých frazeologizmov z diplomatických textov. Frazeologizmy, translatológia, jazyk. 
610 2 0 |a diplomacia 
610 2 0 |a jazykoveda 
610 2 0 |a jazyk diplomatický 
610 2 0 |a jazyk materinský 
610 2 0 |a komunikácia 
610 2 0 |a nemčina 
610 2 0 |a prekladateľstvo 
610 2 0 |a frazeológia 
100 1 |a Adamcová, Silvia, 1984-